Opere. 1., Povestiri. Şoimii. Dureri ǐnăbuşite. Crięma lui moş precu /

Hlavní autor: Sadoveanu, Mihail, 1880-1961
Jazyk: Rumunština, moldovština, moldavština
Vydáno: Bucureşti : Editura de stat pentru literatură şi artă, 1954
Vydání: 1. vyd.
Fyzický popis: 726 s., příl.
Knihy
Uloženo v:
LEADER 00828nam a22002532a 4500
001 001435314
003 CZ BrMZK
005 20150513130023.0
007 ta
008 141107s1954 rm f er|||||||||||rum d
040 |a BOA001  |b cze 
100 1 |a Sadoveanu, Mihail,  |d 1880-1961  |7 jn19990007293  |4 aut 
245 1 0 |a Opere.  |n 1.,  |p Povestiri.  |p Şoimii.  |p Dureri ǐnăbuşite.  |p Crięma lui moş precu /  |c Mihail Sadoveanu 
246 3 0 |a Povestiri 
246 3 0 |a Şoimii 
246 3 0 |a Dureri ǐnăbuşite 
246 3 0 |a Crięma lui moş precu 
250 |a 1. vyd. 
260 |a Bucureşti :  |b Editura de stat pentru literatură şi artă,  |c 1954 
300 |a 726 s., příl. 
910 |a BOA001  |b 2-0358.862,1 
990 |a BK 
991 |b 201411 
996 7 |b 2618929732  |c 2-0358.862,1  |l MZK  |r Sklad / do 24 hodin  |n 0  |w 001469898  |u 000010  |a 1  |e BOA001  |j MZK50  |s A